00552nam a22001817a 450000500170000001000150001702000260003203500140005803700090007208200110008110000170009224500540010925000060016326000480016927001210021730000210033849000110035920260703104854.0 aENG-148979 a9789395481854c350.00 aEN-132511 bDBAD a82321 aRaje, Sonali aThe Empress of Indraprastha:bNadir/cSonali Raje a1 bVishwakarma Publicationsc2024aMaharashtra a34A/1, Suyog Center, 7th floor, Gultekedi Marketyard Road, Giridhar Bhavan Chowk, e411037bPuneminfo@vpindia.co.in a243p.c22cm (pb) vPart 3